Reaching families for Jesus : (Record no. 20144)
[ view plain ]
| 000 -LEADER | |
|---|---|
| fixed length control field | 01789nam a2200409Ii 4500 |
| 001 - CONTROL NUMBER | |
| control field | 1019873926 |
| 003 - CONTROL NUMBER IDENTIFIER | |
| control field | AUA.1 |
| 005 - DATE AND TIME OF LATEST TRANSACTION | |
| control field | 20260226123355.0 |
| 008 - FIXED-LENGTH DATA ELEMENTS--GENERAL INFORMATION | |
| fixed length control field | 180118s2017 mdu 000 0 eng d |
| 020 ## - INTERNATIONAL STANDARD BOOK NUMBER | |
| International Standard Book Number | 9781629094335 |
| 020 ## - INTERNATIONAL STANDARD BOOK NUMBER | |
| International Standard Book Number | 1629094331 |
| 035 ## - SYSTEM CONTROL NUMBER | |
| System control number | (OCoLC)1019873926 |
| 040 ## - CATALOGING SOURCE | |
| Original cataloging agency | EXN |
| Language of cataloging | eng |
| Transcribing agency | EXN |
| 050 ## - LIBRARY OF CONGRESS CALL NUMBER | |
| Classification number | BV4438 |
| Item number | .O45 2017 |
| 090 ## - LOCALLY ASSIGNED LC-TYPE CALL NUMBER (OCLC); LOCAL CALL NUMBER (OCLC) | |
| Classification number (OCLC) (R) ; Classification number, CALL (RLIN) (NR) | BV4438 |
| 245 10 - TITLE STATEMENT | |
| Title | Reaching families for Jesus : |
| Remainder of title | discipleship and service / |
| Statement of responsibility, etc | Willie and Elaine Oliver (eds). |
| 246 10 - VARYING FORM OF TITLE | |
| Title proper/short title | Discipleship and service. |
| 260 ## - PUBLICATION, DISTRIBUTION, ETC. (IMPRINT) | |
| Place of publication, distribution, etc | Silver Spring, MD : |
| Name of publisher, distributor, etc | Department of Family Ministries, General Conference of Seventh-day Adventists, |
| Date of publication, distribution, etc | c2017. |
| 300 ## - PHYSICAL DESCRIPTION | |
| Extent | 123 p. : |
| Dimensions | 26 cm. |
| 500 ## - GENERAL NOTE | |
| General note | "2018 Planbook" |
| 520 ## - SUMMARY, ETC. | |
| Summary, etc | Discipleship and Service is for pastors and ministry leaders in their work with families in and out of the church. We hope the resources found in this volume will help develop healthier families, which invariably result in healthier churches that can reach the world with power and joy to help hasten the coming of Jesus Christ. -- back cover. |
| 650 #0 - SUBJECT ADDED ENTRY--TOPICAL TERM | |
| Topical term or geographic name as entry element | Church work with famililes |
| General subdivision | Seventh-day Adventist Church. |
| 700 ## - ADDED ENTRY--PERSONAL NAME | |
| Personal name | Oliver, Willie |
| Relator term | Editor |
| 700 ## - ADDED ENTRY--PERSONAL NAME | |
| Personal name | Oliver, Elaine |
| Relator term | Editor |
| 700 ## - ADDED ENTRY--PERSONAL NAME | |
| Personal name | Baltazar, Alina |
| Relator term | Contributor |
| 700 ## - ADDED ENTRY--PERSONAL NAME | |
| Personal name | Consuegra, Claudio |
| Relator term | Contributor |
| 700 ## - ADDED ENTRY--PERSONAL NAME | |
| Personal name | Consuegra, Pamela |
| Relator term | Contributor |
| 700 ## - ADDED ENTRY--PERSONAL NAME | |
| Personal name | Jacobson-Venn, Dawn |
| Relator term | Contributor |
| 700 ## - ADDED ENTRY--PERSONAL NAME | |
| Personal name | Joseph-Kidder, S. |
| Relator term | Contributor |
| 700 ## - ADDED ENTRY--PERSONAL NAME | |
| Personal name | Koh, Linda Mei Lin |
| Relator term | Contributor |
| 700 ## - ADDED ENTRY--PERSONAL NAME | |
| Personal name | Mfune, Saustine Sampson |
| Relator term | Contributor |
| 700 ## - ADDED ENTRY--PERSONAL NAME | |
| Personal name | Morris, Derek J. |
| Relator term | Contributor |
| 700 ## - ADDED ENTRY--PERSONAL NAME | |
| Personal name | Smith, Alanzo |
| Relator term | Contributor |
| 700 ## - ADDED ENTRY--PERSONAL NAME | |
| Personal name | Trajkovska, Marija |
| Relator term | Contributor |
| 740 0# - ADDED ENTRY--UNCONTROLLED RELATED/ANALYTICAL TITLE | |
| Uncontrolled related/analytical title | Family ministries planbook. |
| 942 ## - ADDED ENTRY ELEMENTS (KOHA) | |
| Source of classification or shelving scheme | Library of Congress Classification |
| Koha item type | Books |
| Classification part | BV 4438 |
| Item part | .O45 2017 |
| Withdrawn status | Lost status | Source of classification or shelving scheme | Damaged status | Not for loan | Collection code | Home library | Current library | Shelving location | Date acquired | Source of acquisition | Cost, normal purchase price | Serial Enumeration / chronology | Total Checkouts | Full call number | Barcode | Date last seen | Cost, replacement price | Price effective from | Koha item type | Copy number | Date checked out |
|---|---|---|---|---|---|---|---|---|---|---|---|---|---|---|---|---|---|---|---|---|---|
| Library of Congress Classification | Books | Judith Thomas Library | Judith Thomas Library | General Stacks | 22/05/2018 | Donation, Dr. Willie & Elaine Oliver | 10.00 | AUA23154 | BV 4438 .O45 2017 | AUA23154 | 22/05/2018 | 10.00 | 22/05/2018 | Books | |||||||
| Library of Congress Classification | Books | Judith Thomas Library | Judith Thomas Library | General Stacks | 22/05/2018 | Donation, Dr. Willie & Elaine Oliver | 10.00 | AUA23155 | BV 4438 .O45 2017 | AUA23155 | 22/05/2018 | 10.00 | 22/05/2018 | Books | 2 | ||||||
| Library of Congress Classification | Books | Judith Thomas Library | Judith Thomas Library | General Stacks | 24/06/2019 | Donation, General Conference of the Seventh-day Adventists | 10.00 | AUA25245 | 1 | BV 4438 .O45 2017 | AUA25245 | 24/07/2019 | 10.00 | 24/06/2019 | Books | 3 | 22/07/2019 |